000 00376nam a2200157Ia 4500
003 OSt
005 20240201141158.0
008 170523s9999 xx 000 0 und d
020 _a978-9325982291
040 _ciimt university meerut
100 _aPANDEY- IM
245 0 _aESSENTIALS OF FINANCIAL MANAGEMENT
260 _bVikas Publication
260 _c1997
942 _2ddc
_c02
999 _c210
_d210